| 000 | 00779nam a2200193Ii 4500 | ||
|---|---|---|---|
| 003 | JO-AjNU | ||
| 008 | 230606s9999||||xx |||||||||||||| ||und|| | ||
| 040 |
_aJO-AjNU _beng _erda _cJO-AjNU |
||
| 041 | _aeng | ||
| 050 | 1 | 4 | _aQA76 2015 |
| 100 | 3 |
_aاعداد صهيب محمد الصمادي، مهند حسن العمايرة؛ اشراف باجس الجنيدي, _eauthor _96057 |
|
| 245 | 0 | 0 | _aالسوق الالكتروني باللغة الانجليزية |
| 264 | 3 | 1 | _aAjIoun: AjIoun National University, 2015 |
| 300 |
_a44p _b Graduation project, AjIoun National University, 2015 |
||
| 336 |
_atext _btxt _2rdacontent |
||
| 337 |
_aunmediated _bn _2rdamedia |
||
| 338 |
_avolume _bnc _2rdacarrier |
||
| 650 | 4 |
_aالسوق الالكتروني- نظام حوسبة _96058 |
|
| 999 |
_aE3142 _c3139 _d3139 |
||